[Event "Nova Gorica op-A 08th"]
[Site "Nova Gorica"]
[Date "2003.02.01"]
[Round "3"]
[White "Goloshchapov, Alexander"]
[Black "Atalik, Suat"]
[Result "1/2-1/2"]
[WhiteElo "2523"]
[BlackElo "2581"]
[Annotator "Atalik,S"]
[PlyCount "62"]
[EventDate "2003.01.31"]
[EventType "swiss"]
[EventRounds "9"]
[EventCountry "SLO"]
[SourceTitle "EXT 2004"]
[Source "ChessBase"]
[SourceDate "2003.11.25"]
[SourceVersion "1"]
[SourceVersionDate "2003.11.25"]
[SourceQuality "1"]

1. e4 e5 2. Nf3 Nc6 3. Bb5 a6 4. Ba4 Nf6 5. O-O Nxe4 6. d4 b5 7. Bb3 d5 8. dxe5
Be6 9. Qe2 {A toothless variation.This has lost its venom long time ago when
black has come with a definitive road to equality.} Be7 10. Rd1 O-O 11. c4 bxc4
12. Bxc4 Bc5 {This is the trick!} 13. Be3 Bxe3 14. Qxe3 (14. fxe3 {During the
game I was trying to figure out what might have happen if white goes for the
other recapture.} f6 (14... Ng5 15. Bxd5 Bxd5 (15... Nh3+ 16. gxh3 Bxd5 17. Qf1
) 16. Nxg5 Qxg5 17. Rxd5 Nxe5 18. Nc3 c6 $11) (14... Na5 15. Bd3 Ng5 16. Nbd2
c5 17. b3 Qe7 $11) 15. exf6 Qxf6 16. Bxd5 Bxd5 17. Rxd5 Rab8 18. Rd1 Qxb2 19.
Qc4+ Kh8 20. Qxc6 Qf2+ 21. Kh1 Rxf3 22. Nd2 Ng3+ 23. hxg3 Rf5 24. Nf3 Rh5+ 25.
Nh4 Qxg3 26. Rd4 Rxh4+ 27. Rxh4 Qxh4+ 28. Kg1 $15) 14... Qb8 {Draw offer.} 15.
Bb3 Na5 16. Nbd2 ({The pawn is untouchable!} 16. Bxd5 $2 Bxd5 17. Rxd5 Qxb2 18.
Qxe4 Rad8 $19 (18... Qxa1 19. Rxa5 Rab8 $1 (19... Rfd8 $2 20. Qe1 Rab8 21. Nc3)
20. Nfd2 Rfd8 $19)) 16... Qa7 17. Qxa7 {One of the two alternatives.} ({
The following has a better reputation.} 17. Nxe4 Qxe3 18. fxe3 Nxb3 19. axb3
dxe4 20. Nd4 Rfb8 $1 (20... Bd7 21. Rdc1 Ra7 22. Rc5 $44) 21. Ra3 c5 22. Nxe6
fxe6 23. Rd6 Kf7 24. Kf2 Ra7 {Gdanski-Sokolov,Neum(Euro Club Cup) 2000.}) 17...
Rxa7 18. Rac1 (18. Nxe4 $6 Nxb3 19. axb3 dxe4 20. Nd4 c5 21. Nxe6 (21. Nc6 Rb7
22. b4 cxb4 23. Rxa6 Rc8) 21... fxe6 22. Rd6 Raf7 (22... Kf7 23. Rdxa6 Rxa6 24.
Rxa6 Rb8 25. Ra3 Kg6 $15) 23. Rf1 e3 24. f3 Rf5 25. Rxe6 Kf7 26. Rxa6 Rxe5 $15)
18... c5 {Forcing some exchanges.} (18... Rb8 19. Nd4) 19. Nxe4 Nxb3 20. axb3
dxe4 21. Nd2 e3 $1 (21... Bf5 {is also equal but I did not want to suffer.})
22. fxe3 Rb7 23. Ne4 Rxb3 24. Nxc5 Rxe3 (24... Rxb2 25. Nxa6) 25. Nxa6 Rxe5 26.
b4 h5 $5 {I was dreaming about a pawn march in the kingside to fix his ones on
the light squares.} (26... Rb5 27. Rc5 Rb6 28. b5 h6 29. Nc7 Rfb8 30. Rc6 Kf8
$11) 27. Rc5 $1 {I knew that this was coming.More exchanges!} Rxc5 {I did not
like to give a pawn for nothing.} (27... Re2 $2 28. Rxh5 Rb2 (28... Ra2 29. Rd6
Bc4 30. Nc5 Re8 31. h3 Rb2 32. Rb6 $16) 29. Rd4 $16) 28. Nxc5 {This is not
that dangerous for both sides!} ({I like} 28. bxc5 {more} Rc8 29. Rc1 h4 ({
Black bishop should not change the diagonals.} 29... Bd5 $2 30. Nb4 Be4 31. c6
Kf8 (31... Rc7 $2 32. Rc4 f5 33. Rxe4 $1 fxe4 34. Nd5 $18) 32. Rc4 f5 33. h4
Ke7 34. Kh2 Kd6 35. Kg3 Bxc6 36. Nxc6 Rxc6 37. Rxc6+ Kxc6 38. Kf4 Kd5 39. Kxf5
Kd4 40. Kg6 $18) 30. Kf2 g5 31. c6 Kg7 32. c7 Kf6 $11) 28... Bc4 29. Rd4 {
Panic!Going for the immediate equality.} (29. Nb7 Ba6 30. Nd6 Rd8 31. Rd4 Kf8
32. b5 Bb7 33. Nf5 Rxd4 34. Nxd4 g6 35. Nb3 Ke7 36. b6 Kd6 37. Na5 Bd5 38. g3
g5 39. Kf2 f5 40. Ke3 h4 41. gxh4 gxh4 42. Kf4 Be4 43. Kg5 h3 44. Kh4 Bg2 $11)
29... Bb5 30. Rd5 Rb8 31. Rxh5 Bc4 $11 1/2-1/2

[Event "Sigeman & Co 14th"]
[Site "Malmo"]
[Date "2006.05.01"]
[Round "4"]
[White "Timman, Jan H"]
[Black "Atalik, Suat"]
[Result "1/2-1/2"]
[WhiteElo "2616"]
[BlackElo "2632"]
[Annotator "Atalik,S"]
[PlyCount "27"]
[EventDate "2006.04.28"]
[EventType "tourn"]
[EventRounds "9"]
[EventCountry "SWE"]
[EventCategory "13"]
[SourceTitle "CBM 113"]
[Source "ChessBase"]
[SourceDate "2006.07.31"]
[SourceVersion "1"]
[SourceVersionDate "2006.07.31"]
[SourceQuality "1"]

1. e4 e5 2. Nf3 Nc6 3. Bb5 a6 4. Ba4 Nf6 5. O-O Nxe4 6. d4 b5 7. Bb3 d5 8. dxe5
Be6 9. Qe2 $5 {Jan was satisfied with his tournament and so he pulled out this
system which is almost worked out to a draw.} Be7 10. Rd1 O-O 11. c4 bxc4 12.
Bxc4 Bc5 13. Be3 Bxe3 14. Qxe3 (14. Qxe3 {Here Jan offered a draw allowing us
having a free day.} Qb8 15. Bb3 Na5 16. Nbd2 Qa7 $11) 1/2-1/2

[Event "Bad Endbach"]
[Site "Bad Endbach"]
[Date "1995.??.??"]
[Round "?"]
[White "Lau, Ralf"]
[Black "Levin, Felix"]
[Result "1-0"]
[WhiteElo "2490"]
[BlackElo "2490"]
[Annotator "Baburin,A"]
[PlyCount "79"]
[EventDate "1995.04.??"]
[EventType "tourn"]
[EventRounds "11"]
[EventCountry "GER"]
[EventCategory "11"]
[SourceTitle "CBM 047"]
[Source "ChessBase"]
[SourceDate "1995.08.01"]
[SourceVersion "1"]
[SourceVersionDate "1995.08.01"]
[SourceQuality "1"]

1. e4 e5 2. Nf3 Nc6 3. Bb5 a6 4. Ba4 Nf6 5. O-O Nxe4 6. d4 b5 7. Bb3 d5 8. dxe5
Be6 9. Be3 Be7 10. Qe2 O-O 11. Rd1 Bc5 12. c3 Bxe3 13. Qxe3 Na5 14. Nbd2 Nxd2
15. Rxd2 Nc4 16. Bxc4 bxc4 {The dark squares (c5 & d4) are potentially weak,
but White has to play actively in order to prove it, as Black will gain
control over them after Qe7 & c7-c5. White employs a standard plan.} 17. b3 $1
{Why does White undouble the pawns? Because he wants to open the a-file for
himself and fix the weakness of the c5-square by b3-b4 & Ra1-a5 later on.
After all the pawn on c4 was not weak.} cxb3 18. axb3 Qb8 19. b4 a5 {Black
does not want to suffer after Ra1-a5 but now is a pawn down.} 20. bxa5 Qb5 21.
Rda2 c5 22. Ra3 Ra6 23. Nd2 Rfa8 24. Rb1 Qc6 25. h3 h6 26. Nb3 Rb8 27. Kh2 Rb5
28. Qe2 Bd7 29. Ra2 Qc7 30. Rab2 c4 31. Nd4 Rxb2 32. Rxb2 Rxa5 {[#] Black has
got a pawn back, but at a very high price - the Knight is superior and White
has a valuable pawn majority on the King side as well.} 33. f4 Ra3 34. Qf3 Ra5
35. Qg3 Qc8 36. f5 $1 Ra8 (36... Bxf5 37. e6 $1 $18) 37. e6 $1 fxe6 38. f6 Qf8
39. Rb7 Qf7 40. Nc6 1-0

[Event "Montreal International"]
[Site "Montreal"]
[Date "1979.04.21"]
[Round "9"]
[White "Kavalek, Lubomir"]
[Black "Karpov, Anatoly"]
[Result "0-1"]
[WhiteElo "2590"]
[BlackElo "2705"]
[Annotator "ChessBase"]
[PlyCount "81"]
[EventDate "1979.04.11"]
[EventType "tourn"]
[EventRounds "18"]
[EventCountry "CAN"]
[EventCategory "15"]
[SourceTitle "MCL"]
[Source "ChessBase"]
[SourceDate "1999.07.01"]
[SourceVersion "1"]
[SourceVersionDate "1999.07.01"]
[SourceQuality "1"]

1. e4 e5 2. Nf3 Nc6 3. Bb5 a6 4. Ba4 Nf6 5. O-O Nxe4 6. d4 b5 7. Bb3 d5 8. dxe5
Be6 9. Qe2 Be7 10. Rd1 O-O 11. c4 bxc4 12. Bxc4 Bc5 13. Be3 Bxe3 14. Qxe3 Qb8
15. Bb3 Na5 16. Nbd2 (16. Ne1 Qb6 $1 (16... Nxb3 17. axb3 Qb6 18. Qxb6 cxb6 19.
b4 $16 {Huebner,R-Demarre/Dresden/1969/}) 17. Qxb6 cxb6 18. f3 $10 {Karpov,
An-Kortschnoj,V/Wch Baguio/1978/}) 16... Qa7 17. Nd4 (17. Qxa7 Rxa7 18. Nxe4 (
18. Rac1 c5 19. Nxe4 Nxb3 $1 20. axb3 dxe4 21. Nd2 e3 $1 22. fxe3 Rb7 $10 {
Kavalek,L-Honfi,K/The Hague/1966/ Matanovic,A-Kortschnoj,V/JUG-URS/1966/})
18... Nxb3 19. axb3 dxe4 20. Nd4 $10) 17... Nxd2 18. Qxd2 Qb6 $1 (18... Nxb3
$143 19. Nxb3 c5 20. Rac1 Rfc8 21. Qa5 c4 $8 22. Nd4 Qb8 23. f4 Qxb2 $2 24. Rb1
$1 $18) 19. Bc2 c5 $1 (19... Nc4 $2 20. Qe2 $1 Nxb2 (20... Qxb2 21. Rab1 Qa3
22. Nxe6 fxe6 23. Qh5) 21. Rab1 Rab8 22. Rd2 $1) 20. Nf5 Bxf5 (20... Qxb2 $2
21. Rab1 Qa3 (21... Qxe5 22. Ne7+ {23. Qa5}) 22. Nxg7 $1 Kxg7 23. Qg5+ Kh8 24.
Qf6+ Kg8 25. Rd3) 21. Bxf5 Rad8 22. b3 (22. Re1 {Kavalek,L-Tal,M/Montreal (18)/
1/2-1/2/}) 22... Rfe8 23. Re1 c4 24. Qg5 (24. bxc4 dxc4 25. Qc3 Qc5 26. Re3 Rd5
27. Rae1 $13) 24... Qc7 $1 (24... cxb3 25. axb3 Nxb3 26. Rab1 a5 (26... Qa5 $2
27. Re3 Nd2 (27... Nc5 28. Rh3 h6 29. Rxh6 Rxe5 30. Bh7+ Kf8 31. Qxe5 gxh6 32.
Qf6 $1 $16) 28. Bxh7+ Kxh7 29. Rg3 $1 $16) 27. Re3 $2 (27. e6 $1 f6 (27... fxe6
28. Rxe6 $1 Rxe6 29. Bxe6+ Kh8 30. Rxb3 $1) (27... g6 28. Qf6 $1) 28. Qh5 $16 (
28. Bxh7+ $1)) 27... a4 $1 (27... h6 $2 28. Qg4 a4 29. Qxa4 Nc5 30. Qxe8+ $1
$18) 28. Bxh7+ (28. Qh4 $1 g6 29. Qxa4 (29. Rh3 gxf5 $1 30. Qxh7+ Kf8 31. Qh8+
Ke7 32. Qh4+ Kf8 33. Qxa4 Rxe5) 29... gxf5 30. Rexb3) 28... Kxh7 29. Rh3+ (29.
Qh4+ Qh6 30. Qxa4 Nc5 31. Qc2+ Qg6 $1 $17) (29. Rg3 Qg6 30. Qh4+ Qh6 31. Qxa4
Nd2) 29... Kg8 30. Qh4 Qh6 $1 31. Qxa4 Nc5 32. Qc2 Qg6 $1 $17) 25. e6 f6 26.
Qh4 g6 27. e7 (27. Qxf6 $2 Rf8 $1) 27... Rd6 $1 (27... Rxe7 $2 28. Qxf6 Rxe1+
29. Rxe1 gxf5 30. Re7 $1) 28. Qg3 $2 (28. Re6 $142 $1 Rxe6 29. Bxe6+ Kg7 30.
Bxd5 Qe5 31. Rd1 Rxe7 32. Bxc4 g5 $1 33. f4 $1) 28... Rxe7 29. Bxg6 hxg6 30.
Qxg6+ Kf8 31. Qh6+ Rg7 $1 (31... Ke8 $2 32. Qh8+ Kd7 33. Rxe7+ Kxe7 34. Re1+
Re6 35. Qg7+) 32. Re3 f5 $1 (32... d4 33. Rg3 {/\ Qh8+}) 33. Qh8+ Rg8 34. Qe5
Qd7 35. Rf3 Qe6 36. Rxf5+ Ke7 37. Qf4 Nc6 $1 38. bxc4 dxc4 39. Rb1 Rb8 40. Rc1
Nd4 $1 41. Re5 0-1

[Event "Montreal International"]
[Site "Montreal"]
[Date "1979.05.03"]
[Round "17"]
[White "Kavalek, Lubomir"]
[Black "Tal, Mihail"]
[Result "1/2-1/2"]
[WhiteElo "2590"]
[BlackElo "2615"]
[Annotator "ChessBase"]
[PlyCount "44"]
[EventDate "1979.04.11"]
[EventType "tourn"]
[EventRounds "18"]
[EventCountry "CAN"]
[EventCategory "15"]
[SourceTitle "MCL"]
[Source "ChessBase"]
[SourceDate "1999.07.01"]
[SourceVersion "1"]
[SourceVersionDate "1999.07.01"]
[SourceQuality "1"]

1. e4 e5 2. Nf3 Nc6 3. Bb5 a6 4. Ba4 Nf6 5. O-O Nxe4 6. d4 b5 7. Bb3 d5 8. dxe5
Be6 9. Qe2 Be7 10. Rd1 O-O 11. c4 bxc4 12. Bxc4 Bc5 13. Be3 Bxe3 14. Qxe3 Qb8
15. Bb3 Na5 16. Nbd2 Qa7 17. Nd4 Nxd2 18. Qxd2 Qb6 19. Bc2 c5 20. Nf5 Bxf5 21.
Bxf5 Rad8 22. Re1 (22. b3 {Kavalek,L-Karpov,An/Montreal (09)/1979/1/2-1/2/})
22... Nc6 $1 $13 (22... Nc4 23. Qg5 $40) (22... Nc6 23. Rac1 (23. e6 $2 fxe6
24. Rxe6 $2 (24. Bxe6+ Kh8 25. Bxd5 $2 Nb4 $1 $19 26. Re5 Qd6) 24... Rxf5 $19)
23... Nd4 24. Bb1 f5 (24... a5 25. Rc3 f5) 25. exf6 Rxf6 $13 {Kavalek}) 1/2-1/2

[Event "ISL-FRA"]
[Site "Reykjavik"]
[Date "1993.??.??"]
[Round "2"]
[White "Koch, Jean Rene"]
[Black "Hardarson, Robert"]
[Result "1/2-1/2"]
[WhiteElo "2450"]
[BlackElo "2335"]
[Annotator "Ernst,T"]
[PlyCount "121"]
[EventDate "1993.??.??"]
[EventType "schev"]
[EventRounds "10"]
[EventCountry "ISL"]
[SourceTitle "CBM 035"]
[Source "ChessBase"]
[SourceDate "1993.08.01"]
[SourceVersion "1"]
[SourceVersionDate "1993.08.01"]
[SourceQuality "1"]

1. e4 e5 2. Nf3 Nc6 3. Bb5 a6 4. Ba4 Nf6 5. O-O Nxe4 6. d4 b5 7. Bb3 d5 8. dxe5
Be6 9. Qe2 Be7 10. Rd1 O-O 11. c4 bxc4 12. Bxc4 Bc5 $1 (12... Qd7 $16) 13. Be3
Bxe3 14. Qxe3 Qb8 15. Bb3 Na5 16. Nbd2 (16. Ne1 Nxb3 17. axb3 f5 18. exf6 Rxf6
19. f3 Nd6 20. Nd2 Rh6 21. Nf1 (21. Nd3 Nf5 (21... c5 $1 $13) 22. Qc5 $1 $16 {
Oechslein,R-Lanka,ZF,corr 1988}) 21... Bf7 $1 22. Ng3 Re6 $10 {Loginov,
VN-Holscher,HGJ,CCYB5,1991}) 16... Qb6 (16... Qa7 17. Nd4 Nxd2 18. Rxd2 (18.
Qxd2 Qb6 19. Bc2 c5 20. Nf5 Bxf5 21. Bxf5 Rad8 $10 {Kavalek,L-Karpov,An,
Montreal 1979}) 18... c5 19. Nf3 Nxb3 20. Qxb3 Rab8 $10 {Ivanovic,B-Beckemeyer,
W,Berlin op 1988}) 17. Nxe4 Qxe3 18. fxe3 Nxb3 19. axb3 dxe4 20. Nd4 Rfb8 (
20... c5 21. Nxe6 fxe6 22. Rd6 Rfb8 23. Ra3 Kf7 $10) 21. Ra3 (21. Rdc1 Bxb3 22.
Rxc7 Be6 23. Rd1 Rb6 24. b4 h6 25. Nc6 Re8 26. Kf2 Kh7 $10 {Tal-Sturua,Erevan
1982}) 21... Rb6 22. Rc1 Rc8 23. Rc6 Rxc6 24. Nxc6 Kf8 25. Kf2 Ke8 26. Kg3 Kd7
27. Nb4 c5 28. Nxa6 Kc6 29. b4 cxb4 30. Nxb4+ Kb5 31. Na2 Rc2 32. Nc3+ Kc4 33.
Nxe4 Rxb2 34. Ng5 Rb7 35. Ra4+ Kd3 36. Kf4 h6 37. Rd4+ Ke2 38. Nxe6 fxe6 39.
Ke4 Kf2 40. Rd2+ Kg1 41. g4 g5 42. h3 Re7 43. Ra2 Re8 44. Rc2 Re7 45. Rb2 Re8
46. Ra2 Re7 47. Kf3 Rf7+ 48. Kg3 Kf1 49. h4 Ke1 50. Rh2 Rf8 51. hxg5 hxg5 52.
Rh5 Ke2 53. Rxg5 Kxe3 54. Rg6 Re8 55. g5 Ke4 56. Kg4 Kxe5 $10 57. Rg7 Kd6 58.
g6 e5 59. Rf7 e4 60. g7 Rg8 61. Kf4 1/2-1/2

[Event "Interpolis-01"]
[Site "Tilburg"]
[Date "1977.10.03"]
[Round "9"]
[White "Balashov, Yuri S"]
[Black "Smyslov, Vassily V"]
[Result "1-0"]
[WhiteElo "2565"]
[BlackElo "2595"]
[Annotator "Ftacnik,L"]
[PlyCount "116"]
[EventDate "1977.09.23"]
[EventType "tourn"]
[EventRounds "11"]
[EventCountry "NED"]
[EventCategory "14"]
[SourceTitle "MCL"]
[Source "ChessBase"]
[SourceDate "1999.07.01"]
[SourceVersion "1"]
[SourceVersionDate "1999.07.01"]
[SourceQuality "1"]

1. e4 e5 2. Nf3 Nc6 3. Bb5 a6 4. Ba4 Nf6 5. O-O Nxe4 6. d4 b5 7. Bb3 d5 8. dxe5
Be6 9. Qe2 (9. c3 Bc5 10. Nbd2 O-O 11. Bc2 Bf5 12. Nb3 Bg4 {Karpov,An-Smyslov,
V/Leningrad/1977/}) 9... Bc5 10. Be3 O-O 11. Rd1 Bxe3 12. Qxe3 Ne7 13. Nbd2 (
13. c3 $142 Nf5 14. Qe2 {P c2}) 13... Nf5 (13... Nxd2 $143 14. Rxd2 Nf5 15. Qc5
$14) 14. Qe2 Nxd2 15. Qxd2 {P c3, c2, b4} (15. Rxd2 $143) 15... c6 (15... Qe7
$142 16. Bxd5 $140 $2 Rad8) 16. a4 (16. c3 $6 Nh4) 16... Qb6 (16... Nh4 $6 17.
Nxh4 Qxh4 18. Qc3 {xc6}) (16... Ne7 17. h3) 17. axb5 axb5 18. c3 b4 (18... Rxa1
19. Rxa1 d4 20. Bxe6 fxe6 21. Ng5 {P 22. e4} (21. cxd4 $6 Rd8 22. Rd1 c5)) 19.
Bc2 bxc3 20. bxc3 Rxa1 21. Rxa1 $36 Rb8 22. h3 Ne7 23. Rb1 (23. Qf4 Qc5) 23...
Qa7 24. Rxb8+ Qxb8 25. Qd4 $1 {P h7, c5, b4} Qb2 26. Bd3 $1 (26. Bxh7+ Kxh7 27.
Qh4+ Kg8 28. Qxe7 Qc1+ 29. Kh2 Qf4+ $10) 26... Bf5 27. Qa7 $1 Qc1+ 28. Bf1 Ng6
(28... Bd3 $4 29. Qb8+) 29. Nd4 $1 (29. Qb8+ Nf8 30. Nd4 Bd3 31. e6 Qxf1+ 32.
Kh2 Qe1 $10) 29... Be6 (29... Bd3 30. e6 $18 Qxf1+ 31. Kh2 h5 32. exf7+ Kh7 33.
Ne6 $18) 30. Qb8+ Nf8 31. Nxc6 g6 32. Qb4 Kg7 33. Qd4 g5 (33... Nd7 34. f4 $16)
34. Nb4 Ng6 35. Nxd5 Bxd5 36. e6+ Kh6 37. Qxd5 $18 fxe6 38. Qd4 (38. Qf3 $142)
(38. Qxe6 $2 Qxc3 $14) 38... e5 39. Qe3 $2 Qa1 $2 $138 (39... Qxe3 40. fxe3 Nf8
{P c5=/[]}) 40. g3 Kg7 41. c4 (41. Qxg5 $142 Qxc3 42. h4) 41... h6 42. c5 Ne7
43. Qe4 (43. Kg2 $142 Qa8+ 44. Kh2) 43... Qd4 $1 44. Qxd4 (44. Qc2 $142) 44...
exd4 45. Bg2 Kf6 46. Kf1 Ng6 $1 (46... Ke5 47. Ke2 Nd5 48. Kd3 Nc7 49. Bf3 $18)
47. Ke2 Ne5 48. Be4 Ke7 49. f4 (49. Bf5 Kf6) 49... gxf4 50. gxf4 Nd7 51. c6 Nc5
52. Bd5 (52. Bf3 Kd6 (52... Ne6 $2 53. f5 Nf4+ 54. Kd2 Nxh3 55. f6+ $18) 53. f5
Na6 54. Kd3 Ke5 55. Kc4 Kxf5 56. Kb5 Nc7+ 57. Kb6 Ne8 58. Bh5 Nd6 $10 {Balashov
}) 52... Kd6 53. f5 d3+ (53... Na4 $142 54. Bf3 Ke5 55. c7 Nb6 56. Bg4 h5 57.
Bxh5 Kd6 $10 (57... Kxf5 $2)) 54. Ke3 d2 55. Ke2 (55. Kxd2 $2 Kxd5 56. c7 Ne4+
{P 57... d6}) 55... Nd3 56. Kxd2 Nf4 57. Bh1 Nxh3 58. f6 Ng5 {P h6+-} (58...
Ng5 59. Ke3 Nf7 60. Kf4 Ke6 61. Bd5+ $1 Kxf6 (61... Kxd5 62. c7 Nd6 63. f7 $18)
62. Bxf7 $18) 1-0

[Event "Candidates final"]
[Site "El Escorial"]
[Date "1993.??.??"]
[Round "6"]
[White "Short, Nigel D"]
[Black "Timman, Jan H"]
[Result "1/2-1/2"]
[WhiteElo "2655"]
[BlackElo "2635"]
[Annotator "Ftacnik,L"]
[PlyCount "106"]
[EventDate "1993.01.??"]
[EventType "match"]
[EventRounds "13"]
[EventCountry "ESP"]
[SourceTitle "Candidates"]
[Source "ChessBase"]
[SourceDate "1999.07.01"]
[SourceVersion "2"]
[SourceVersionDate "1999.07.01"]
[SourceQuality "1"]

1. e4 e5 2. Nf3 Nc6 3. Bb5 a6 4. Ba4 Nf6 5. O-O Nxe4 6. d4 b5 7. Bb3 d5 8. dxe5
Be6 9. Qe2 Be7 10. Rd1 O-O 11. c3 (11. c4 bxc4 12. Bxc4 Bc5 13. Be3 Bxe3 14.
Qxe3 Qb8 $13) 11... Nc5 12. Bc2 Bg4 13. b4 $6 (13. Nbd2 Qd7 14. Nf1 Rad8 15.
Ne3 Nxe5 16. Rxd5 Bxf3 17. gxf3 Qe6 18. Bf5 Qf6 19. Ng4 Nxg4 20. Rxd8 Rxd8 21.
fxg4 {Shamkovich-McLaughlin/Chicago/1988/}) 13... Na4 14. Bf4 (14. Bxa4 bxa4) (
14. Qd3 g6 15. Qxd5 Qxd5 16. Rxd5 Bxf3 17. gxf3 Nb6 $15) (14. c4 Nxb4 (14...
Nb6 15. cxd5 Nxb4 16. Nc3 Nxc2 17. Qxc2 Bxf3 18. gxf3) 15. Bxa4 bxa4 16. a3 Nc6
17. cxd5 Bxf3 18. gxf3 Nxe5 $1) 14... Qd7 15. Qd3 g6 16. Qxd5 Qxd5 17. Rxd5 Nb6
18. Rd1 Rad8 19. Re1 $6 (19. Nbd2 Nd5) (19. Rxd8 Rxd8 20. e6 Nd5 21. exf7+ Kxf7
22. Bb3 Be6 23. Ng5+ Bxg5 24. Bxg5 Rd7 $13) 19... Nd5 20. Bh6 Rfe8 21. a4 $1 (
21. Nbd2 Nxc3 22. a3 $13) 21... Bxf3 22. gxf3 Bf8 23. Bxf8 (23. Bg5 f6) 23...
Kxf8 24. e6 f6 $5 (24... Rxe6 25. Rxe6 fxe6 26. axb5 axb5 27. Be4 $1 (27. Ra6
$2 Ncxb4 $1)) (24... f5) 25. axb5 axb5 26. Kf1 Ne5 27. Be4 Nf4 (27... f5 28.
Bxd5 Rxd5 29. Kg2 Nd3) 28. Na3 c6 $6 (28... f5 29. Nxb5 (29. Bb7 Rxe6) 29...
fxe4 30. Rxe4 Ned3 31. Nxc7 Re7 32. Ra7 g5 33. h4 gxh4 $1 34. Kg1 h3 35. Kh2
Kg8 $1) 29. Nc2 Nxe6 (29... f5 30. Nd4 $1 fxe4 31. Rxe4 Nfd3 (31... Ned3 $2 32.
e7+) 32. Ra7 Re7 $2 33. Rxe7 Kxe7 34. f4 $18) 30. Ra6 Rd6 (30... Rd2 $2 31.
Bxc6 $1) 31. Nd4 $1 Nxd4 32. cxd4 Rxd4 33. Bxc6 Nxc6 (33... Rb8 34. Rb1 Rd2)
34. Rxe8+ Kxe8 35. Rxc6 Ke7 36. Rc7+ Ke6 37. Rxh7 Rxb4 38. Rb7 g5 39. Rb6+ Ke5
(39... Kf5 $5 $15) 40. f4+ $1 gxf4 41. Kg2 Rb3 42. h3 Kf5 43. Rc6 Kg5 44. Rc5+
f5 (44... Kh4 45. Rf5 Rxh3 46. Rxf4+ Kg5 47. Rb4 $10) 45. Rd5 Rb2 46. Kf3 Rb3+
47. Kg2 b4 48. Rb5 Kg6 49. Rb6+ Kh5 50. Rb8 (50. Rb5 $6 Kg5 51. Rb6 f3+ 52. Kg3
f4+ 53. Kh2 Rb2 $17) 50... Kh4 51. Rh8+ Kg5 52. h4+ Kg6 (52... Kg4 $4 53. f3+
Rxf3 54. Rg8+ $18) 53. Rg8+ Kf7 1/2-1/2